| 000 | 01173cam a2200337 i 4500 | ||
|---|---|---|---|
| 001 | 4872 | ||
| 003 | Mx-PuUPA | ||
| 005 | 20260302143542.0 | ||
| 008 | 140415s2013 mx a gr 001 0 spa d | ||
| 017 | _aM-12314-2013 | ||
| 020 | _a9788473569071 | ||
| 040 |
_aMx-PuUPA _bspa _cMx-PuUPA _dMx-PuUPA _erda |
||
| 041 | 0 | _aspa | |
| 100 | 1 |
_aLiberos, Eduardo, _92091 _eautor |
|
| 245 | 1 | 0 |
_aEl libro de Marketing Interactivo y la Publicidad Digital / _cEduardo Liberos, Álvaro Nuñez, Ruth Bareño [y otros 3] |
| 250 | _aPrimera edición | ||
| 264 | 1 |
_aMadrid, España ; _bESIC Editorial, _c2013 |
|
| 300 |
_a491 páginas : _bilustracicones (blanco y negro) ; _c24 cm |
||
| 336 |
_2rdacontent _atexto _btxt |
||
| 337 |
_2rdamedia _asin medio _bn |
||
| 338 |
_2rdacarrier _avolumen _bnc |
||
| 500 | _aReimpresiones: (septiembre, 2014 ; septiembre, 2015). | ||
| 650 | 7 |
_2armarc _aMercadeo en Internet |
|
| 650 | 7 |
_2armarc _aPublicidad en Internet |
|
| 650 | 7 |
_2armarc _aComercio electrónico |
|
| 700 | 1 |
_aNúñez, Álvaro, _eautor |
|
| 700 | 1 |
_aBareño, Ruth, _eautor |
|
| 942 |
_2ddc _cLI _h658.872 _iL64 |
||
| 999 |
_c4872 _d4872 |
||